Economic Development of the Arab Countries : Selected Issues.

This volume, edited by Said El-Naggar, is the fifth in a series of seminars dealing with economic issues of particular importance to the Arab countries. Held in Manama, Bahrain, in February 1993, it covered topics pertaining to economic development of the Arab countries in the nineties. The seven pa...

Celý popis

Podrobná bibliografie
Médium: Časopis
Jazyk:English
Vydáno: Washington, D.C. : International Monetary Fund, 1993.
On-line přístup:Full text available on IMF
LEADER 01515cas a2200181 a 4500
001 AALejournalIMF015693
008 230101c9999 xx r poo 0 0eng d
020 |z 9781557753328 
040 |a BD-DhAAL  |c BD-DhAAL 
245 1 0 |a Economic Development of the Arab Countries :   |b Selected Issues. 
264 1 |a Washington, D.C. :  |b International Monetary Fund,  |c 1993. 
300 |a 1 online resource (307 pages) 
500 |a <strong>Off-Campus Access:</strong> No User ID or Password Required 
500 |a <strong>On-Campus Access:</strong> No User ID or Password Required 
506 |a Electronic access restricted to authorized BRAC University faculty, staff and students 
520 3 |a This volume, edited by Said El-Naggar, is the fifth in a series of seminars dealing with economic issues of particular importance to the Arab countries. Held in Manama, Bahrain, in February 1993, it covered topics pertaining to economic development of the Arab countries in the nineties. The seven papers that were presented comprised economic reform in the Arab countries, including particularly structural issues; investment policies and capital flows; inter-Arab labor movements; environment and development; development of human resources; and European economic integration. An overview of the topics is presented by the seminar moderator, Said El-Naggar. 
538 |a Mode of access: Internet 
856 4 0 |z Full text available on IMF  |u http://elibrary.imf.org/view/books/071/01945-9781557753328-en/01945-9781557753328-en-book.xml  |z IMF e-Library